[Event "I mi?dzynarodowy turniej szachowy"]
[Site "Jastrzebie-Zdroj"]
[Date "2018.08.24"]
[Round "8.5"]
[White "Holly, Andrej"]
[Black "Berlin, Tatiana"]
[Result "1/2-1/2"]
[BlackElo "2138"]
[WhiteElo "1903"]
[LiveChessVersion "1.4.8"]

1. e4 {[%clk 1:30:56]} e5 {[%clk 1:30:52]} 2. Nf3 {[%clk 1:31:22]} Nc6
{[%clk 1:31:12]} 3. Bb5 {[%clk 1:31:31]} Nd4 {[%clk 1:31:03]} 4. Nxd4
{[%clk 1:29:18]} exd4 {[%clk 1:31:29]} 5. O-O {[%clk 1:28:08]} c6
{[%clk 1:31:47]} 6. Ba4 {[%clk 1:26:50]} d5 {[%clk 1:31:53]} 7. exd5
{[%clk 1:23:34]} Qxd5 {[%clk 1:32:15]} 8. Bb3 {[%clk 1:23:52]} Qf5
{[%clk 1:32:06]} 9. Re1+ {[%clk 1:22:27]} Be7 {[%clk 1:29:27]} 10. d3
{[%clk 1:16:11]} Be6 {[%clk 1:23:36]} 11. Bxe6 {[%clk 1:15:27]} fxe6
{[%clk 1:24:04]} 12. Qe2 {[%clk 1:15:44]} Kd7 {[%clk 1:22:32]} 13. Nd2
{[%clk 1:13:27]} Rf8 {[%clk 1:21:03]} 14. Nf3 {[%clk 1:13:03]} Bf6
{[%clk 1:21:15]} 15. b4 {[%clk 1:01:33]} Ne7 {[%clk 1:21:04]} 16. Bb2
{[%clk 0:59:21]} Qd5 {[%clk 1:16:17]} 17. Bxd4 {[%clk 0:54:36]} Nf5
{[%clk 1:15:47]} 18. Bxf6 {[%clk 0:51:07]} gxf6 {[%clk 1:11:51]} 19. c4
{[%clk 0:50:41]} Qd6 {[%clk 1:11:58]} 20. d4 {[%clk 0:47:36]} Re8
{[%clk 1:11:19]} 21. b5 {[%clk 0:43:15]} Rhg8 {[%clk 1:11:12]} 22. Rab1
{[%clk 0:40:51]} Kc8 {[%clk 1:07:52]} 23. bxc6 {[%clk 0:35:55]} Qxc6
{[%clk 1:07:59]} 24. d5 {[%clk 0:33:00]} exd5 {[%clk 1:07:10]} 25. Qd3
{[%clk 0:33:00]} Qd7 {[%clk 1:01:20]} 26. cxd5 {[%clk 0:30:57]} Rxe1+
{[%clk 1:01:17]} 27. Rxe1 {[%clk 0:31:23]} Nd6 {[%clk 0:58:31]} 28. Qc3+
{[%clk 0:26:53]} Kb8 {[%clk 0:57:36]} 29. Qxf6 {[%clk 0:27:18]} Nf5
{[%clk 0:57:24]} 30. Re5 {[%clk 0:22:44]} Nd6 {[%clk 0:54:33]} 31. Re7
{[%clk 0:20:11]} Qd8 {[%clk 0:54:47]} 32. Qe5 {[%clk 0:17:51]} Ka8
{[%clk 0:50:33]} 33. Rxh7 {[%clk 0:14:50]} Re8 {[%clk 0:50:46]} 34. Qc3
{[%clk 0:13:59]} Ne4 {[%clk 0:46:26]} 35. Qb3 {[%clk 0:12:16]} Nc5
{[%clk 0:46:34]} 36. Qc4 {[%clk 0:12:07]} Qb6 {[%clk 0:46:33]} 37. Rf7
{[%clk 0:10:59]} Qb1+ {[%clk 0:46:35]} 38. Qf1 {[%clk 0:11:28]} Qxa2
{[%clk 0:46:51]} 39. h4 {[%clk 0:10:23]} Qxd5 {[%clk 0:47:04]} 40. Rg7
{[%clk 0:10:32]} Ne4 {[%clk 0:45:07]} 41. Qb1 {[%clk 0:08:03]} 1/2-1/2

[Event "I mi?dzynarodowy turniej szachowy"]
[Site "Jastrzebie-Zdroj"]
[Date "2018.08.24"]
[Round "8.6"]
[White "Galuszka, Tomasz"]
[Black "Marcinowski, Marek"]
[Result "1-0"]
[BlackElo "1875"]
[WhiteElo "2022"]
[LiveChessVersion "1.4.8"]

1. Nf3 {[%clk 1:30:59]} d5 {[%clk 1:30:25]} 2. g3 {[%clk 1:31:22]} Nf6
{[%clk 1:30:43]} 3. Bg2 {[%clk 1:31:47]} Bf5 {[%clk 1:30:37]} 4. O-O
{[%clk 1:32:08]} e6 {[%clk 1:30:45]} 5. d3 {[%clk 1:32:25]} h6 {[%clk 1:30:40]}
6. Nbd2 {[%clk 1:32:50]} Be7 {[%clk 1:22:37]} 7. Qe1 {[%clk 1:31:31]} c6
{[%clk 1:20:01]} 8. e4 {[%clk 1:31:20]} Bg4 {[%clk 1:14:49]} 9. Ne5
{[%clk 1:22:25]} Nbd7 {[%clk 1:11:18]} 10. Nxg4 {[%clk 1:19:51]} Nxg4
{[%clk 1:11:47]} 11. h3 {[%clk 1:20:07]} Ngf6 {[%clk 1:11:03]} 12. e5
{[%clk 1:18:15]} Nh7 {[%clk 1:11:26]} 13. a4 {[%clk 1:17:57]} Qc7
{[%clk 1:11:37]} 14. Nf3 {[%clk 1:12:49]} Ng5 {[%clk 1:11:59]} 15. Nxg5
{[%clk 1:09:46]} hxg5 {[%clk 1:12:14]} 16. d4 {[%clk 1:10:04]} c5
{[%clk 1:06:12]} 17. c3 {[%clk 1:09:46]} cxd4 {[%clk 0:59:58]} 18. cxd4
{[%clk 1:10:07]} Qc2 {[%clk 0:59:09]} 19. Be3 {[%clk 1:00:15]} Nb6
{[%clk 0:55:05]} 20. Qa5 {[%clk 0:50:47]} O-O {[%clk 0:47:52]} 21. Qb5
{[%clk 0:49:39]} Qc4 {[%clk 0:40:13]} 22. b3 {[%clk 0:49:27]} Qxb5
{[%clk 0:39:30]} 23. axb5 {[%clk 0:49:52]} Rfc8 {[%clk 0:38:44]} 24. Rfc1
{[%clk 0:49:54]} Rxc1+ {[%clk 0:38:32]} 25. Rxc1 {[%clk 0:49:05]} Rc8
{[%clk 0:38:25]} 26. Ra1 {[%clk 0:49:14]} Ra8 {[%clk 0:38:53]} 27. Bf1
{[%clk 0:49:27]} f6 {[%clk 0:38:58]} 28. exf6 {[%clk 0:47:48]} gxf6
{[%clk 0:39:20]} 29. Kg2 {[%clk 0:47:58]} Nc8 {[%clk 0:35:36]} 30. Bd3
{[%clk 0:42:18]} Nd6 {[%clk 0:34:52]} 31. f4 {[%clk 0:37:06]} Rc8
{[%clk 0:29:58]} 32. Rc1 {[%clk 0:27:53]} Rxc1 {[%clk 0:29:29]} 33. Bxc1
{[%clk 0:28:18]} Nf7 {[%clk 0:21:09]} 34. fxg5 {[%clk 0:18:38]} Nxg5
{[%clk 0:21:06]} 35. g4 {[%clk 0:16:25]} Bb4 {[%clk 0:19:56]} 36. h4
{[%clk 0:13:30]} Nf7 {[%clk 0:20:17]} 37. Be3 {[%clk 0:10:01]} Be1
{[%clk 0:20:20]} 38. Kh3 {[%clk 0:09:40]} Kg7 {[%clk 0:19:29]} 39. g5
{[%clk 0:09:01]} f5 {[%clk 0:16:17]} 40. b6 {[%clk 0:09:13]} a6 {[%clk 0:16:11]}
41. Bxa6 {[%clk 0:09:36]} Ba5 {[%clk 0:14:55]} 42. Bxb7 {[%clk 0:09:40]} Nd6
{[%clk 0:14:46]} 43. Bc6 {[%clk 0:08:31]} Bxb6 {[%clk 0:14:54]} 44. Bf4
{[%clk 0:06:21]} Nf7 {[%clk 0:11:38]} 45. Bd7 {[%clk 0:06:40]} Nd8
{[%clk 0:11:12]} 46. Be5+ {[%clk 0:07:03]} Kf7 {[%clk 0:08:33]} 47. h5
{[%clk 0:07:15]} Ke7 {[%clk 0:08:07]} 48. g6 {[%clk 0:07:22]} Kxd7
{[%clk 0:06:50]} 49. g7 {[%clk 0:07:31]} 1-0

[Event "I mi?dzynarodowy turniej szachowy"]
[Site "Jastrzebie-Zdroj"]
[Date "2018.08.24"]
[Round "8.7"]
[White "Horvath, Tomas"]
[Black "Trybus, Daniel"]
[Result "1/2-1/2"]
[BlackElo "1736"]
[WhiteElo "1962"]
[LiveChessVersion "1.4.8"]

1. e4 {[%clk 1:30:55]} Nf6 {[%clk 1:28:32]} 2. Nc3 {[%clk 1:31:20]} d5
{[%clk 1:28:10]} 3. e5 {[%clk 1:31:44]} Nfd7 {[%clk 1:27:44]} 4. f4
{[%clk 1:31:26]} e6 {[%clk 1:26:08]} 5. d4 {[%clk 1:31:44]} c5 {[%clk 1:26:31]}
6. Nf3 {[%clk 1:31:27]} Nc6 {[%clk 1:26:52]} 7. Be3 {[%clk 1:30:38]} cxd4
{[%clk 1:24:13]} 8. Bxd4 {[%clk 1:27:17]} Nxd4 {[%clk 1:24:00]} 9. Qxd4
{[%clk 1:25:57]} Bc5 {[%clk 1:22:55]} 10. Qd3 {[%clk 1:20:10]} a6
{[%clk 1:19:07]} 11. O-O-O {[%clk 1:11:41]} b5 {[%clk 1:14:38]} 12. Nd4
{[%clk 1:09:52]} Bb7 {[%clk 1:08:27]} 13. Be2 {[%clk 1:04:15]} Rc8
{[%clk 1:03:03]} 14. Bf3 {[%clk 0:57:12]} Bb4 {[%clk 0:56:39]} 15. Nde2
{[%clk 0:51:18]} Rc4 {[%clk 0:50:08]} 16. Qe3 {[%clk 0:35:21]} Qc7
{[%clk 0:42:51]} 17. Kb1 {[%clk 0:31:59]} O-O {[%clk 0:35:57]} 18. a3
{[%clk 0:30:30]} Bc5 {[%clk 0:29:53]} 19. Qd3 {[%clk 0:29:37]} Be7
{[%clk 0:26:00]} 20. h4 {[%clk 0:18:39]} Rc8 {[%clk 0:25:46]} 21. Rc1
{[%clk 0:17:05]} Nc5 {[%clk 0:21:06]} 22. Qe3 {[%clk 0:16:19]} Na4
{[%clk 0:20:55]} 23. Nxa4 {[%clk 0:16:05]} Rxa4 {[%clk 0:21:23]} 24. c3
{[%clk 0:14:20]} Qc4 {[%clk 0:18:27]} 25. Nd4 {[%clk 0:14:07]} Bc5
{[%clk 0:16:43]} 26. Rhd1 {[%clk 0:11:19]} Bxa3 {[%clk 0:12:41]} 27. bxa3
{[%clk 0:10:08]} Rxa3 {[%clk 0:12:54]} 28. Qd2 {[%clk 0:09:15]} Qa4
{[%clk 0:11:42]} 29. Qb2 {[%clk 0:09:03]} Bc6 {[%clk 0:08:37]} 1/2-1/2

[Event "I mi?dzynarodowy turniej szachowy"]
[Site "Jastrzebie-Zdroj"]
[Date "2018.08.24"]
[Round "8.8"]
[White "Wieczorek, Jakub"]
[Black "Pilch, Roman"]
[Result "0-1"]
[BlackElo "2129"]
[WhiteElo "1710"]
[LiveChessVersion "1.4.8"]

1. b3 {[%clk 1:29:56]} Nf6 {[%clk 1:30:23]} 2. Bb2 {[%clk 1:30:16]} b6
{[%clk 1:30:25]} 3. c4 {[%clk 1:29:15]} c5 {[%clk 1:30:30]} 4. e3
{[%clk 1:28:07]} Bb7 {[%clk 1:30:45]} 5. Nf3 {[%clk 1:27:19]} g6 {[%clk 1:30:26]}
6. Be2 {[%clk 1:24:15]} Bg7 {[%clk 1:30:36]} 7. O-O {[%clk 1:24:03]} O-O
{[%clk 1:30:49]} 8. Qc2 {[%clk 1:21:47]} Nc6 {[%clk 1:31:03]} 9. d3
{[%clk 1:20:58]} Rc8 {[%clk 1:31:06]} 10. Nbd2 {[%clk 1:19:58]} d5
{[%clk 1:30:23]} 11. Rad1 {[%clk 1:19:12]} d4 {[%clk 1:29:02]} 12. e4
{[%clk 1:13:59]} e5 {[%clk 1:26:35]} 13. Ne1 {[%clk 1:10:21]} Nd7
{[%clk 1:22:44]} 14. Bg4 {[%clk 1:09:39]} f5 {[%clk 1:21:57]} 15. Bh3
{[%clk 1:09:15]} Qe7 {[%clk 1:20:02]} 16. Qb1 {[%clk 1:08:24]} f4
{[%clk 1:20:11]} 17. a3 {[%clk 1:07:36]} h5 {[%clk 1:17:06]} 18. b4
{[%clk 1:07:14]} Rb8 {[%clk 1:14:45]} 19. Bxd7 {[%clk 1:04:41]} Qxd7
{[%clk 1:15:12]} 20. bxc5 {[%clk 1:04:20]} bxc5 {[%clk 1:15:39]} 21. Qc2
{[%clk 1:03:43]} Bf6 {[%clk 1:14:30]} 22. Qa4 {[%clk 1:02:07]} Bd8
{[%clk 1:12:41]} 23. Rb1 {[%clk 0:58:46]} g5 {[%clk 1:09:01]} 24. Qd1
{[%clk 0:52:01]} g4 {[%clk 1:06:55]} 25. h3 {[%clk 0:52:24]} Rf7 {[%clk 1:03:51]}
26. Kh2 {[%clk 0:49:09]} Bc8 {[%clk 1:00:34]} 27. Rg1 {[%clk 0:45:28]} Rg7
{[%clk 0:55:51]} 28. Nb3 {[%clk 0:43:21]} Be7 {[%clk 0:50:52]} 29. Bc1
{[%clk 0:43:10]} Rb6 {[%clk 0:44:24]} 30. Nd2 {[%clk 0:38:06]} Nd8
{[%clk 0:39:36]} 31. Rxb6 {[%clk 0:37:03]} axb6 {[%clk 0:40:04]} 32. Qb3
{[%clk 0:36:57]} Qe6 {[%clk 0:39:44]} 33. Qa4 {[%clk 0:35:40]} Bd7
{[%clk 0:38:54]} 34. Qa7 {[%clk 0:31:09]} Kh7 {[%clk 0:34:36]} 35. Qa8
{[%clk 0:28:08]} Qf6 {[%clk 0:32:33]} 36. Qa7 {[%clk 0:22:31]} Be6
{[%clk 0:29:47]} 37. Qxb6 {[%clk 0:16:24]} Qh4 {[%clk 0:29:40]} 38. Qb2
{[%clk 0:06:16]} Qxf2 {[%clk 0:28:49]} 39. Nb3 {[%clk 0:05:53]} Qh4
{[%clk 0:28:01]} 40. Rf1 {[%clk 0:01:56]} gxh3 {[%clk 0:25:01]} 41. Qf2
{[%clk 0:02:23]} hxg2+ {[%clk 0:23:44]} 42. Qxh4 {[%clk 0:02:49]} gxf1=N+
{[%clk 0:23:49]} 0-1

[Event "I mi?dzynarodowy turniej szachowy"]
[Site "Jastrzebie-Zdroj"]
[Date "2018.08.24"]
[Round "8.9"]
[White "Palczert, Botond"]
[Black "Sieber, Martin"]
[Result "1-0"]
[BlackElo "2110"]
[WhiteElo "1898"]
[LiveChessVersion "1.4.8"]

1. e4 {[%clk 1:30:55]} c5 {[%clk 1:30:48]} 2. Nf3 {[%clk 1:31:14]} d6
{[%clk 1:31:12]} 3. d4 {[%clk 1:31:30]} cxd4 {[%clk 1:31:36]} 4. Nxd4
{[%clk 1:31:52]} Nf6 {[%clk 1:32:00]} 5. Nc3 {[%clk 1:32:07]} g6 {[%clk 1:32:25]}
6. Be3 {[%clk 1:32:09]} Bg7 {[%clk 1:32:46]} 7. f3 {[%clk 1:32:07]} Nc6
{[%clk 1:32:28]} 8. Qd2 {[%clk 1:30:18]} O-O {[%clk 1:32:51]} 9. O-O-O
{[%clk 1:30:21]} d5 {[%clk 1:33:02]} 10. Qe1 {[%clk 1:22:33]} e5 {[%clk 1:25:09]}
11. Nxc6 {[%clk 1:22:40]} bxc6 {[%clk 1:25:36]} 12. exd5 {[%clk 1:22:19]} cxd5
{[%clk 1:25:54]} 13. Bc5 {[%clk 1:22:26]} Re8 {[%clk 1:25:48]} 14. Ne4
{[%clk 1:16:08]} Nxe4 {[%clk 1:25:04]} 15. fxe4 {[%clk 1:16:34]} Qc7
{[%clk 1:21:39]} 16. Bb5 {[%clk 1:05:08]} Rd8 {[%clk 1:19:22]} 17. Bb4
{[%clk 1:03:31]} a5 {[%clk 1:19:24]} 18. Qc3 {[%clk 0:58:44]} Qa7
{[%clk 1:12:07]} 19. Bc5 {[%clk 0:53:45]} Qb7 {[%clk 1:12:22]} 20. Bc4
{[%clk 0:52:40]} Be6 {[%clk 1:11:17]} 21. Qb3 {[%clk 0:46:11]} Qc8
{[%clk 1:08:05]} 22. exd5 {[%clk 0:45:05]} Bg4 {[%clk 1:03:38]} 23. Be7
{[%clk 0:38:43]} Bxd1 {[%clk 0:58:44]} 24. Rxd1 {[%clk 0:27:47]} a4
{[%clk 0:46:20]} 25. Qb5 {[%clk 0:27:36]} Rb8 {[%clk 0:43:15]} 26. Qxa4
{[%clk 0:26:47]} Qb7 {[%clk 0:43:26]} 27. Ba3 {[%clk 0:25:24]} e4
{[%clk 0:42:34]} 28. Bb3 {[%clk 0:24:56]} e3 {[%clk 0:33:01]} 29. Qf4
{[%clk 0:20:06]} e2 {[%clk 0:27:58]} 30. Re1 {[%clk 0:20:30]} Re8
{[%clk 0:23:37]} 31. Qc4 {[%clk 0:16:02]} Bh6+ {[%clk 0:19:28]} 32. Kb1
{[%clk 0:16:25]} Re5 {[%clk 0:18:52]} 33. Rxe2 {[%clk 0:15:01]} Rbe8
{[%clk 0:18:59]} 34. Rxe5 {[%clk 0:14:28]} Rxe5 {[%clk 0:19:27]} 35. Bb4
{[%clk 0:14:11]} Qa7 {[%clk 0:07:16]} 36. a4 {[%clk 0:13:49]} Rf5
{[%clk 0:05:38]} 37. Qc8+ {[%clk 0:13:57]} Kg7 {[%clk 0:06:03]} 38. Bf8+
{[%clk 0:13:42]} Kf6 {[%clk 0:06:31]} 39. Qd8+ {[%clk 0:12:42]} Ke5
{[%clk 0:06:44]} 40. Bxh6 {[%clk 0:12:20]} Rf1+ {[%clk 0:06:51]} 41. Ka2
{[%clk 0:12:47]} Qg1 {[%clk 0:07:11]} 42. Qe7+ {[%clk 0:12:35]} Kf5
{[%clk 0:06:06]} 43. Qxf7+ {[%clk 0:12:02]} 1-0

[Event "I mi?dzynarodowy turniej szachowy"]
[Site "Jastrzebie-Zdroj"]
[Date "2018.08.24"]
[Round "8.10"]
[White "Drozniak, Stanislaw"]
[Black "Palczert, Matyas"]
[Result "1-0"]
[BlackElo "1845"]
[WhiteElo "2062"]
[LiveChessVersion "1.4.8"]

1. e4 {[%clk 1:30:57]} c5 {[%clk 1:28:23]} 2. Nf3 {[%clk 1:31:21]} d6
{[%clk 1:28:48]} 3. Bb5+ {[%clk 1:31:23]} Bd7 {[%clk 1:29:11]} 4. Bxd7+
{[%clk 1:31:47]} Qxd7 {[%clk 1:29:33]} 5. c4 {[%clk 1:31:37]} Nf6
{[%clk 1:29:48]} 6. Nc3 {[%clk 1:32:01]} Nc6 {[%clk 1:29:59]} 7. d4
{[%clk 1:31:56]} cxd4 {[%clk 1:30:06]} 8. Nxd4 {[%clk 1:32:21]} g6
{[%clk 1:30:27]} 9. f3 {[%clk 1:31:48]} Bg7 {[%clk 1:30:31]} 10. Be3
{[%clk 1:31:59]} O-O {[%clk 1:30:39]} 11. O-O {[%clk 1:25:23]} a6
{[%clk 1:27:39]} 12. Nxc6 {[%clk 1:24:46]} Qxc6 {[%clk 1:27:04]} 13. Rc1
{[%clk 1:13:31]} Rfc8 {[%clk 1:17:48]} 14. b3 {[%clk 0:57:10]} Qe8
{[%clk 1:12:05]} 15. a4 {[%clk 0:51:44]} Qd8 {[%clk 1:03:45]} 16. Rf2
{[%clk 0:41:56]} Qa5 {[%clk 1:01:15]} 17. Qd3 {[%clk 0:41:09]} Qb4
{[%clk 0:50:59]} 18. Na2 {[%clk 0:30:44]} Qa3 {[%clk 0:47:26]} 19. Bd2
{[%clk 0:30:29]} a5 {[%clk 0:44:23]} 20. Be3 {[%clk 0:28:48]} Nd7
{[%clk 0:42:10]} 21. Qc2 {[%clk 0:23:25]} b5 {[%clk 0:31:29]} 22. axb5
{[%clk 0:21:24]} a4 {[%clk 0:31:44]} 23. Rb1 {[%clk 0:20:16]} Ne5
{[%clk 0:31:28]} 24. b6 {[%clk 0:18:01]} Rab8 {[%clk 0:30:25]} 25. Nc3
{[%clk 0:13:47]} Nxc4 {[%clk 0:27:01]} 26. bxc4 {[%clk 0:04:48]} Qxc3
{[%clk 0:26:00]} 27. Qxc3 {[%clk 0:05:05]} Bxc3 {[%clk 0:26:26]} 28. Rc2
{[%clk 0:03:31]} Ba5 {[%clk 0:22:01]} 29. Rb5 {[%clk 0:03:23]} Bxb6
{[%clk 0:20:39]} 30. Rxb6 {[%clk 0:03:31]} Rxb6 {[%clk 0:21:00]} 31. Bxb6
{[%clk 0:03:54]} a3 {[%clk 0:20:53]} 32. Kf2 {[%clk 0:04:04]} Rb8
{[%clk 0:17:37]} 33. Bd4 {[%clk 0:02:43]} Rb4 {[%clk 0:17:40]} 34. Ke3
{[%clk 0:03:02]} a2 {[%clk 0:16:34]} 35. Rxa2 {[%clk 0:03:22]} e5
{[%clk 0:16:47]} 36. Bc3 {[%clk 0:03:39]} Rxc4 {[%clk 0:17:06]} 37. Kd3
{[%clk 0:04:06]} Rc6 {[%clk 0:17:14]} 38. g4 {[%clk 0:03:33]} f6 {[%clk 0:16:14]}
39. Ra7 {[%clk 0:03:57]} Rb6 {[%clk 0:16:22]} 40. h4 {[%clk 0:03:41]} h6
{[%clk 0:16:24]} 41. Bd2 {[%clk 0:04:01]} g5 {[%clk 0:16:33]} 42. h5
{[%clk 0:04:26]} Rc6 {[%clk 0:16:39]} 43. Bb4 {[%clk 0:04:41]} Kf8
{[%clk 0:15:47]} 44. Rd7 {[%clk 0:04:40]} 1-0

[Event "I mi?dzynarodowy turniej szachowy"]
[Site "Jastrzebie-Zdroj"]
[Date "2018.08.24"]
[Round "8.11"]
[White "Piechota, Kamil"]
[Black "Kraus, Frantisek"]
[Result "1-0"]
[BlackElo "1972"]
[WhiteElo "1505"]
[LiveChessVersion "1.4.8"]

1. e4 {[%clk 1:30:50]} Nf6 {[%clk 1:30:55]} 2. e5 {[%clk 1:30:54]} Nd5
{[%clk 1:31:22]} 3. c4 {[%clk 1:30:29]} Nb6 {[%clk 1:31:50]} 4. c5
{[%clk 1:28:59]} Nd5 {[%clk 1:32:18]} 5. Bc4 {[%clk 1:29:22]} e6 {[%clk 1:32:42]}
6. d4 {[%clk 1:29:29]} b6 {[%clk 1:32:07]} 7. Bxd5 {[%clk 1:28:23]} exd5
{[%clk 1:32:35]} 8. b4 {[%clk 1:26:37]} a5 {[%clk 1:32:41]} 9. Bd2
{[%clk 1:17:11]} Nc6 {[%clk 1:31:54]} 10. cxb6 {[%clk 1:13:45]} axb4
{[%clk 1:30:10]} 11. bxc7 {[%clk 1:13:22]} Qxc7 {[%clk 1:30:39]} 12. Ne2
{[%clk 1:13:21]} d6 {[%clk 1:31:01]} 13. f4 {[%clk 1:13:08]} dxe5
{[%clk 1:30:25]} 14. fxe5 {[%clk 1:12:58]} Nxe5 {[%clk 1:18:06]} 15. Bf4
{[%clk 1:08:04]} 1-0

[Event "I mi?dzynarodowy turniej szachowy"]
[Site "Jastrzebie-Zdroj"]
[Date "2018.08.24"]
[Round "8.12"]
[White "Myrmus, Mateusz"]
[Black "Tymrakiewicz, Rafal"]
[Result "0-1"]
[BlackElo "2192"]
[WhiteElo "1355"]
[LiveChessVersion "1.4.8"]

1. e4 {[%clk 1:30:57]} c6 {[%clk 1:25:39]} 2. d4 {[%clk 1:31:17]} d5
{[%clk 1:26:07]} 3. Nc3 {[%clk 1:31:35]} dxe4 {[%clk 1:24:21]} 4. Nxe4
{[%clk 1:30:53]} Nf6 {[%clk 1:24:41]} 5. Nxf6+ {[%clk 1:29:40]} gxf6
{[%clk 1:25:05]} 6. Nf3 {[%clk 1:28:38]} Bg4 {[%clk 1:21:59]} 7. Be2
{[%clk 1:26:49]} Nd7 {[%clk 1:21:26]} 8. Be3 {[%clk 1:25:08]} Qc7
{[%clk 1:11:27]} 9. Qd2 {[%clk 1:15:50]} e6 {[%clk 1:06:39]} 10. O-O-O
{[%clk 1:09:45]} b5 {[%clk 1:02:15]} 11. Ne1 {[%clk 1:06:57]} Bxe2
{[%clk 1:00:18]} 12. Qxe2 {[%clk 1:07:22]} Nb6 {[%clk 0:59:01]} 13. Nd3
{[%clk 1:04:44]} Nd5 {[%clk 0:57:58]} 14. Nc5 {[%clk 1:01:55]} Bxc5
{[%clk 0:43:07]} 15. dxc5 {[%clk 1:02:13]} Qa5 {[%clk 0:42:31]} 16. Kb1
{[%clk 1:00:22]} Nb4 {[%clk 0:41:40]} 17. a3 {[%clk 0:59:40]} Nd5
{[%clk 0:42:02]} 18. Rhe1 {[%clk 0:44:28]} O-O-O {[%clk 0:41:29]} 19. Rd3
{[%clk 0:40:30]} Rd7 {[%clk 0:38:48]} 20. Red1 {[%clk 0:35:23]} Rhd8
{[%clk 0:38:34]} 21. Bd2 {[%clk 0:32:05]} Qa4 {[%clk 0:36:56]} 22. Qe1
{[%clk 0:30:56]} Rg8 {[%clk 0:21:03]} 23. g3 {[%clk 0:30:23]} h5 {[%clk 0:07:27]}
24. Ba5 {[%clk 0:28:42]} Qc4 {[%clk 0:03:34]} 25. Bb4 {[%clk 0:27:46]} Qg4
{[%clk 0:03:28]} 26. Rd4 {[%clk 0:26:54]} Qf5 {[%clk 0:03:48]} 27. R4d3
{[%clk 0:25:46]} Rg4 {[%clk 0:03:32]} 28. f3 {[%clk 0:24:43]} Rg8
{[%clk 0:03:32]} 29. Qe4 {[%clk 0:20:41]} Qg6 {[%clk 0:03:46]} 30. Qxg6
{[%clk 0:20:25]} fxg6 {[%clk 0:03:45]} 31. Re1 {[%clk 0:20:25]} e5
{[%clk 0:04:01]} 32. Kc1 {[%clk 0:18:53]} Re8 {[%clk 0:04:28]} 33. Bc3
{[%clk 0:16:10]} Rde7 {[%clk 0:04:17]} 34. Rd2 {[%clk 0:15:08]} f5
{[%clk 0:03:47]} 35. Kd1 {[%clk 0:11:37]} Kd7 {[%clk 0:03:16]} 36. Rde2
{[%clk 0:11:26]} e4 {[%clk 0:03:14]} 37. fxe4 {[%clk 0:11:13]} Rxe4
{[%clk 0:03:00]} 38. Rxe4 {[%clk 0:10:49]} Rxe4 {[%clk 0:02:47]} 39. Be5
{[%clk 0:09:19]} Ne3+ {[%clk 0:02:51]} 40. Rxe3 {[%clk 0:08:52]} Rxe3
{[%clk 0:03:15]} 41. Bf4 {[%clk 0:09:14]} Re4 {[%clk 0:03:35]} 42. c3
{[%clk 0:07:59]} Ke6 {[%clk 0:03:51]} 43. b3 {[%clk 0:06:24]} Kd5
{[%clk 0:04:09]} 44. Bd6 {[%clk 0:06:46]} g5 {[%clk 0:03:43]} 45. Kd2
{[%clk 0:06:37]} f4 {[%clk 0:03:59]} 46. gxf4 {[%clk 0:04:43]} gxf4
{[%clk 0:04:22]} 47. Kd3 {[%clk 0:04:49]} h4 {[%clk 0:04:29]} 48. Bc7
{[%clk 0:04:38]} f3 0-1

[Event "I mi?dzynarodowy turniej szachowy"]
[Site "Jastrzebie-Zdroj"]
[Date "2018.08.25"]
[Round "9.1"]
[White "Smolka, Marcin"]
[Black "Czerw, Dawid"]
[Result "1/2-1/2"]
[BlackElo "2254"]
[WhiteElo "2170"]
[LiveChessVersion "1.4.8"]

1. d4 {[%clk 1:28:39]} d5 {[%clk 1:30:56]} 2. c4 {[%clk 1:28:28]} c6
{[%clk 1:30:55]} 3. Nc3 {[%clk 1:28:11]} Nf6 {[%clk 1:31:18]} 4. Nf3
{[%clk 1:28:18]} a6 {[%clk 1:31:19]} 5. cxd5 {[%clk 1:24:22]} cxd5
{[%clk 1:30:58]} 6. Bf4 {[%clk 1:24:14]} Nc6 {[%clk 1:24:34]} 7. a3
{[%clk 1:21:06]} Bf5 {[%clk 1:17:45]} 8. e3 {[%clk 1:16:15]} e6 {[%clk 1:05:50]}
9. Bd3 {[%clk 1:15:00]} Bxd3 {[%clk 1:04:11]} 10. Qxd3 {[%clk 1:15:24]} Bd6
{[%clk 1:04:35]} 11. O-O {[%clk 1:00:57]} 1/2-1/2

[Event "I mi?dzynarodowy turniej szachowy"]
[Site "Jastrzebie-Zdroj"]
[Date "2018.08.25"]
[Round "9.2"]
[White "Helis, Tadeusz"]
[Black "Molenda, Marcin"]
[Result "1/2-1/2"]
[BlackElo "2379"]
[WhiteElo "2166"]
[LiveChessVersion "1.4.8"]

1. c4 {[%clk 1:30:54]} Nf6 {[%clk 1:30:55]} 2. g3 {[%clk 1:31:14]} e5
{[%clk 1:30:33]} 3. Bg2 {[%clk 1:31:40]} h6 {[%clk 1:30:59]} 4. Nc3
{[%clk 1:31:59]} Bb4 {[%clk 1:31:07]} 5. Nd5 {[%clk 1:32:15]} Nxd5
{[%clk 1:27:02]} 6. cxd5 {[%clk 1:32:42]} O-O {[%clk 1:27:07]} 7. e3
{[%clk 1:33:00]} c6 {[%clk 1:26:10]} 8. Ne2 {[%clk 1:32:54]} cxd5
{[%clk 1:25:59]} 9. Bxd5 {[%clk 1:23:40]} Nc6 {[%clk 1:24:24]} 10. O-O
{[%clk 1:23:52]} d6 {[%clk 1:17:31]} 11. a3 {[%clk 1:18:55]} Bc5 {[%clk 1:15:26]}
12. b4 {[%clk 1:17:02]} Bb6 {[%clk 1:15:50]} 13. Bb2 {[%clk 1:17:24]} Bh3
{[%clk 1:15:10]} 14. Re1 {[%clk 1:14:39]} Qd7 {[%clk 1:14:52]} 15. d4
{[%clk 0:49:08]} Rae8 {[%clk 1:07:03]} 16. dxe5 {[%clk 0:44:10]} dxe5
{[%clk 1:07:10]} 17. Bg2 {[%clk 0:42:43]} Qf5 {[%clk 1:05:21]} 18. Nc3
{[%clk 0:35:47]} Bxg2 {[%clk 1:04:28]} 19. Kxg2 {[%clk 0:34:17]} e4
{[%clk 1:04:35]} 20. Ne2 {[%clk 0:33:44]} Rc8 {[%clk 0:38:18]} 21. Nf4
{[%clk 0:30:50]} Rfd8 {[%clk 0:37:24]} 22. Qh5 {[%clk 0:31:16]} Ne7
{[%clk 0:35:28]} 23. Re2 {[%clk 0:26:10]} Rc6 {[%clk 0:31:53]} 24. Qxf5
{[%clk 0:24:56]} Nxf5 {[%clk 0:32:21]} 25. Rc1 {[%clk 0:25:06]} Rxc1
{[%clk 0:31:29]} 26. Bxc1 {[%clk 0:25:35]} Rd1 {[%clk 0:26:16]} 27. Rc2
{[%clk 0:24:54]} Nd6 {[%clk 0:26:30]} 28. Ne2 {[%clk 0:23:20]} f5
{[%clk 0:24:31]} 29. Bb2 {[%clk 0:18:51]} Kf7 {[%clk 0:23:00]} 30. Be5
{[%clk 0:16:46]} g6 {[%clk 0:22:36]} 31. Bd4 {[%clk 0:11:57]} Bxd4
{[%clk 0:17:34]} 32. Nxd4 {[%clk 0:12:25]} Ra1 {[%clk 0:17:54]} 33. Rc3
{[%clk 0:12:46]} Kf6 {[%clk 0:17:45]} 34. h4 {[%clk 0:12:50]} Ra2
{[%clk 0:15:25]} 35. Kg1 {[%clk 0:13:12]} a6 {[%clk 0:15:41]} 36. Kf1
{[%clk 0:13:29]} Ke5 {[%clk 0:13:46]} 1/2-1/2